000 01488nam a2200361 i 4500
001 000003487
003 OSt
005 20260321073638.0
007 ta
008 090709s2009 dr 000 0dspa d
020 _a9945412191
040 4 _aDO-SdBNP
_bspa
_cBNPHU
_erda
082 4 _aRD863.4409
_bB742p
_222
100 1 _aPichardo Niño, Coronada,
_d1970-
_910851
_eautor
245 1 0 _aJuan Bosch y la canonización de la narrativa dominicana /
_cCoronada Pichardo Niño ; prólogo Bruno Rosario Candelier ; edición Aida E. Montero M.
264 _aSanto Domingo :
_bFundación Global Democracia y Desarrollo : Fundación Global Democracia y Desarrollo,
_c2009
300 _axxxii, 479 páginas ;
_b26 cm.
336 _2rdacontent
_atexto
_btxt
337 _2rdamedia
_asin mediación
_bn
338 _2rdacarrier
_avolumen
_bnc
500 _aIncluye datos biográficos del autor en la solapa de la cubierta
500 _aIncluye bibliografía y notas a pie al pie de las páginas.
504 _aBibliografía: p.439-479.
590 _aInventariado, 2023/MFF
600 1 0 _a Bosch, Juan,
_d1909-2001
_976555
650 4 _aLiteratura dominicana
_xHistoria y crítica
_9159
650 4 _aCuentos dominicanos
_xHistoria y crítica
_910852
650 4 _aNovela dominicana
_xHistoria y crítica
_92210
700 1 _aRosario Candelier, Bruno,
_d1941-
_eprólogo
_9851
700 1 _aMontero M., Aida E.,
_eedición
_910853
910 _aValidado. Control de calidad EMS
942 _2ddc
_cLBS1
999 _c3315
_d3315